Greenway design: context, identity and sustainability (Record no. 76010)
[ view plain ]
| 000 -LEADER | |
|---|---|
| fixed length control field | 01305nam a2200253 a 4500 |
| 008 - FIXED-LENGTH DATA ELEMENTS--GENERAL INFORMATION | |
| fixed length control field | 180905s2014 ||||||||||||||||| || u |
| 020 ## - INTERNATIONAL STANDARD BOOK NUMBER | |
| International Standard Book Number | 9789881296863 |
| 050 ## - LIBRARY OF CONGRESS CALL NUMBER | |
| Classification number | SB 475.9 Gre |
| 100 ## - MAIN ENTRY--PERSONAL NAME | |
| Personal name | Song, John |
| 245 10 - TITLE STATEMENT | |
| Title | Greenway design: context, identity and sustainability |
| Statement of responsibility, etc. | Edited by John Song; Lola Meeker; Julia Connor; Jessica Cyrus |
| 260 ## - PUBLICATION, DISTRIBUTION, ETC. | |
| Place of publication, distribution, etc. | California: |
| Name of publisher, distributor, etc. | Design Media Publishing Limited |
| Date of publication, distribution, etc. | 2014 |
| 300 ## - PHYSICAL DESCRIPTION | |
| Extent | 128p.: ill. |
| 350 ## - | |
| -- | 12.89 |
| 490 ## - | |
| -- | Landscape Record |
| 500 ## - GENERAL NOTE | |
| General note | 11. 2014 NO.6 |
| 650 ## - SUBJECT ADDED ENTRY--TOPICAL TERM | |
| Topical term or geographic name entry element | LANDSCAPE ARCHITECTURE |
| 700 ## - ADDED ENTRY--PERSONAL NAME | |
| Personal name | Cyrus, Jessica |
| 700 ## - ADDED ENTRY--PERSONAL NAME | |
| Personal name | Connor, Jutta |
| 700 ## - ADDED ENTRY--PERSONAL NAME | |
| Personal name | Meeker, Lola |
| 995 ## - | |
| -- | ANNEX COLLECTION (Main Library) |
| -- | 748626 |
| -- | CBU-MAIN LIBRARY (Kitwe) |
| -- | 12.89 |
| -- | SB 475.9 Gre |
| -- | 2 |
| -- | AVAILABLE |
| -- | Feb 6, 2019 |
| -- | 748626 |
| -- | Annex Low-Usage Collection |
| 995 ## - | |
| -- | ANNEX COLLECTION (Main Library) |
| -- | 748625 |
| -- | CBU-MAIN LIBRARY (Kitwe) |
| -- | 12.89 |
| -- | SB 475.9 Gre |
| -- | 1 |
| -- | AVAILABLE |
| -- | Feb 6, 2019 |
| -- | 748625 |
| -- | Annex Low-Usage Collection |
| 995 ## - | |
| -- | ANNEX COLLECTION (Main Library) |
| -- | 748628 |
| -- | CBU-MAIN LIBRARY (Kitwe) |
| -- | 12.89 |
| -- | SB 475.9 Gre |
| -- | 4 |
| -- | AVAILABLE |
| -- | Feb 6, 2019 |
| -- | 748628 |
| -- | Annex Low-Usage Collection |
| 995 ## - | |
| -- | ANNEX COLLECTION (Main Library) |
| -- | 748627 |
| -- | CBU-MAIN LIBRARY (Kitwe) |
| -- | 12.89 |
| -- | SB 475.9 Gre |
| -- | 3 |
| -- | AVAILABLE |
| -- | Feb 6, 2019 |
| -- | 748627 |
| -- | Annex Low-Usage Collection |
| 999 ## - | |
| -- | 76010 |
| -- | 76010 |
| Withdrawn status | Lost status | Source of classification or shelving scheme | Damaged status | Not for loan | Permanent Location | Current Location | Shelving location | Date acquired | Total Checkouts | Full call number | Barcode | Date last seen | Copy number | Price effective from | Koha item type |
|---|---|---|---|---|---|---|---|---|---|---|---|---|---|---|---|
| CBU-MAIN LIBRARY, KITWE. | CBU-MAIN LIBRARY, KITWE. | 04/25/2023 | SB 475.9 Gre | 748626 | 04/25/2023 | 1 | 04/25/2023 | MONOGRAPH | |||||||
| CBU-MAIN LIBRARY, KITWE. | CBU-MAIN LIBRARY, KITWE. | 04/25/2023 | SB 475.9 Gre | 748625 | 04/25/2023 | 2 | 04/25/2023 | MONOGRAPH | |||||||
| Withdrawn | CBU-MAIN LIBRARY, KITWE. | CBU-MAIN LIBRARY, KITWE. | 04/25/2023 | SB 475.9 Gre | 748628 | 04/25/2023 | 3 | 04/25/2023 | MONOGRAPH | ||||||
| Withdrawn | CBU-MAIN LIBRARY, KITWE. | CBU-MAIN LIBRARY, KITWE. | 04/25/2023 | SB 475.9 Gre | 748627 | 04/25/2023 | 4 | 04/25/2023 | MONOGRAPH |